• 首页
  • 本馆介绍
  • 公告通知
  • 最新文献
  • 馆藏检索
  • 电子资源
  • 读者导购
  • 参考咨询
  • 我的图书馆
  • 登录
  • 详细信息显示
  • 放入我的书架
  • 预约/预借图书
  • 作者相关作品
  • 分类相关作品
  • 丛书相关作品
  • 出版社相关作品

书目信息

  • 表格格式
  • 工作单格式
  • 卡片格式
题名:
校雠广义
    
 
作者: 程千帆 , 徐有富 著
分册:   版本编
出版信息: 北京   中华书局  2020
页数: 426页,48页图版
开本: 22cm
丛书名:
单 册:
中图分类: G256.3 , G256.2
科图分类:
主题词: 校勘--jiao kan--理论 , 版本学--ban ben xue--研究--中国--古代
电子资源:
ISBN: 978-7-101-14075-0
000 00897nam0 2200277 450
001 2131036512
005 20211029202829.0
010    @a978-7-101-14075-0@b精装@dCNY88.00
100    @a20200722d2020 em y0chiy0120 ea
101 0  @achi
102    @aCN@b110000
105    @aa z 000yy
106    @ar
200 1  @a校雠广义@Ajiao chou guang yi@i版本编@e修订本@f程千帆,徐有富著
210    @a北京@c中华书局@d2020
215    @a426页,48页图版@c图@d22cm
330    @a本书包括版本学的名称与功用、文献载体、纸书的装式、雕印本的品类、雕印本的鉴定等。
517 1  @a版本编@Aban ben bian
606 0  @a校勘@Ajiao kan@x理论
606 0  @a版本学@Aban ben xue@x研究@y中国@z古代
690    @aG256.3@v5
690    @aG256.2@v5
701  0 @a程千帆@Acheng qian fan@f(1913-2000)@4著
701  0 @a徐有富@Axu you fu@f(1943.7-)@4著
801  0 @aCN@b百万庄@c20211029
905    @b1312827-830@dG256.3@e112@f4
    
    校雠广义.版本编:修订本/程千帆,徐有富著.-北京:中华书局,2020
    426页,48页图版:图;22cm
    
    
    ISBN 978-7-101-14075-0(精装):CNY88.00
    本书包括版本学的名称与功用、文献载体、纸书的装式、雕印本的品类、雕印本的鉴定等。
●
相关链接 在E读中查询图书 在五车中查询图书 在当当中查询图书 在豆瓣中查询图书


正题名:校雠广义     索取号:G256.3/112         预约/预借

序号 登录号 条形码 馆藏地/架位号 状态 备注
1 1312827   213128275   第一样本阅览室/ [索取号:G256.3/112] 在馆    
2 1312828   213128284   第四借阅区/ [索取号:G256.3/112] 在馆    
3 1312829   213128293   第四借阅区/ [索取号:G256.3/112] 在馆    
4 1312830   213128300   第四借阅区/ [索取号:G256.3/112] 在馆    
唐山师范学院图书馆 欢迎您!
大连网信软件有限公司© 版权所有